Estadísticas para Los signos del Zodiaco y sus planetas regentes

Haz click aquí para tomar la prueba!

Estadísticas generales

  • Esta prueba ha sido tomada 22 veces
  • La puntuación promedio es 11 de 12

Estadísticas de respuestas

SignoPlaneta regente% Correcto
SagitarioJúpiter
100%
EscorpioMarte / Plutón
100%
CapricornioSaturno
100%
AcuarioSaturno / Urano
100%
AriesMarte
95%
Géminis | VirgoMercurio
95%
PiscisNeptuno
95%
Libra | TauroVenus
95%
CáncerLuna
67%
LeoSol
62%

Distribución de puntuación

Porcentaje por número respondido

Porcentaje de gente con cada puntuación

Historial de tus puntuaciones

No has tomado esta prueba